[Event "Titled Tue 17th Jun Early"]
[Site "chess.com INT"]
[Date "2025.06.17"]
[Round "6"]
[White "Manukian, Artak"]
[Black "Kukushkin, Ivan"]
[Result "0-1"]
[BlackTitle "CM"]
[WhiteElo "2104"]
[BlackElo "2008"]
[WhiteFideId "13301373"]
[BlackFideId "11634103"]
[EventDate "2025.06.17"]

1. e4 c5 2. Nf3 Nc6 3. c3 d5 4. exd5 Qxd5 5. d4 Bf5 6. Be3 Nf6 7. dxc5 Qxd1+ 8.
Kxd1 e5 9. Nbd2 a5 10. a4 Ng4 11. Nb3 Rd8+ 12. Nfd2 Be6 13. Bc4 Bxc4 14. Kc2
Bd3+ 0-1

[Event "Titled Tue 17th Jun Early"]
[Site "chess.com INT"]
[Date "2025.06.17"]
[Round "6"]
[White "Cori Quispe, Kevin Joel"]
[Black "Klys, Kacper"]
[Result "1-0"]
[WhiteTitle "GM"]
[BlackTitle "CM"]
[WhiteElo "2464"]
[BlackElo "2218"]
[WhiteFideId "3814017"]
[BlackFideId "21005281"]
[EventDate "2025.06.17"]

1. e4 d6 2. d4 Nf6 3. Nc3 c6 4. f3 e5 5. Be3 Nbd7 6. Qd2 Qc7 7. g4 Nb6 8. g5
Nfd7 9. a4 a5 10. h4 exd4 11. Qxd4 Ne5 12. Qxb6 1-0

[Event "Titled Tue 17th Jun Early"]
[Site "chess.com INT"]
[Date "2025.06.17"]
[Round "6"]
[White "Liu, Jason"]
[Black "Unver, Cumayi"]
[Result "1-0"]
[WhiteTitle "CM"]
[WhiteElo "2125"]
[BlackElo "2012"]
[WhiteFideId "2514656"]
[BlackFideId "6304940"]
[EventDate "2025.06.17"]

1. d4 Nf6 2. Bf4 d5 3. e3 Bf5 4. Bd3 Bg6 5. Nf3 Nbd7 6. O-O c6 7. c3 e6 8. Ne5
Nxe5 9. Bxe5 Be7 10. Bxg6 hxg6 11. Nd2 Qb6 12. Rb1 O-O 13. Qf3 Nd7 14. Bg3 c5
15. e4 cxd4 16. exd5 dxc3 17. bxc3 Qa6 18. dxe6 fxe6 19. Qxb7 Qd3 20. Nf3 Rfb8
21. Bxb8 1-0

[Event "Titled Tue 17th Jun Early"]
[Site "chess.com INT"]
[Date "2025.06.17"]
[Round "6"]
[White "Hury, Tymoteusz"]
[Black "Boramanikar, Tanisha S"]
[Result "0-1"]
[WhiteTitle "CM"]
[BlackTitle "WCM"]
[WhiteElo "2115"]
[BlackElo "1743"]
[WhiteFideId "21839328"]
[BlackFideId "35023454"]
[EventDate "2025.06.17"]

1. d4 Nf6 2. c4 g6 3. Nc3 d5 4. e3 Bg7 5. Nf3 O-O 6. cxd5 Nxd5 7. Qb3 c6 8. Nxd5
cxd5 9. Bd2 Nc6 10. Bd3 e5 11. dxe5 Nxe5 12. Be2 Be6 13. Bc3 d4 14. Nxd4 Bxb3
15. Nxb3 Nd3+ 16. Bxd3 Bxc3+ 17. bxc3 Qxd3 18. Rc1 Rac8 19. h4 Rxc3 20. Rxc3
Qxc3+ 21. Ke2 Qc2+ 0-1

[Event "Titled Tue 17th Jun Early"]
[Site "chess.com INT"]
[Date "2025.06.17"]
[Round "6"]
[White "Ghosh, Chanchal Kumer"]
[Black "Lopez Abreu, Michel Samuel"]
[Result "1-0"]
[WhiteTitle "CM"]
[BlackTitle "FM"]
[WhiteElo "2018"]
[BlackElo "2038"]
[WhiteFideId "10201858"]
[BlackFideId "3927903"]
[EventDate "2025.06.17"]

1. e4 c5 2. Nf3 d6 3. d4 cxd4 4. Nxd4 Nf6 5. Nc3 g6 6. Be2 Bg7 7. f4 O-O 8. O-O
a6 9. Kh1 b5 10. a3 Bb7 11. Bf3 Nfd7 12. Nb3 Nb6 13. Qe2 Nc4 14. Nd5 Nd7 15. c3
Nf6 16. Nd4 e6 17. Nxf6+ Bxf6 18. e5 Bxf3 19. Nxf3 dxe5 20. fxe5 Bg7 21. Bg5 Qd5
22. Bf6 Rfd8 23. Rad1 1-0

[Event "Titled Tue 17th Jun Early"]
[Site "chess.com INT"]
[Date "2025.06.17"]
[Round "6"]
[White "Goryachkina, Aleksandra"]
[Black "Chan, Kim Yew"]
[Result "1-0"]
[WhiteTitle "GM"]
[BlackTitle "FM"]
[WhiteElo "2533"]
[BlackElo "2304"]
[WhiteFideId "4147103"]
[BlackFideId "5717981"]
[EventDate "2025.06.17"]

1. e4 e5 2. Nf3 Nf6 3. Nxe5 d6 4. Nf3 Nxe4 5. Nc3 Nxc3 6. dxc3 Nc6 7. Be3 Bf5 8.
Qd2 Qd7 9. O-O-O Be7 10. h4 h5 11. Bb5 a6 12. Ba4 Bg4 13. Rde1 Bxf3 14. gxf3
O-O-O 15. Bd4 b5 16. Bb3 Nxd4 17. Qxd4 Kb8 18. Qxg7 Qf5 19. Rxe7 Qf4+ 20. Kb1 1-0

[Event "Titled Tue 17th Jun Early"]
[Site "chess.com INT"]
[Date "2025.06.17"]
[Round "6"]
[White "Preobrazhenskaya, Diana"]
[Black "Purushothaman, Thirumalai"]
[Result "1-0"]
[WhiteTitle "WFM"]
[BlackTitle "FM"]
[WhiteElo "2005"]
[BlackElo "2027"]
[WhiteFideId "34270566"]
[BlackFideId "5012791"]
[EventDate "2025.06.17"]

1. e4 c5 2. Nf3 d6 3. d4 cxd4 4. Nxd4 Nf6 5. Nc3 a6 6. Bg5 e6 7. f4 Be7 8. Qf3
Qc7 9. O-O-O Nbd7 10. g4 h6 11. h4 hxg5 12. hxg5 Rxh1 13. Qxh1 Nxg4 14. Qh5 Ne3
15. Nxe6 Qb6 16. Nxg7+ Kd8 17. Qxf7 Qc5 18. Ne6# 1-0

[Event "Titled Tue 17th Jun Early"]
[Site "chess.com INT"]
[Date "2025.06.17"]
[Round "6"]
[White "Ersoz, Teoman Guney"]
[Black "Bharath, Subramaniyam H"]
[Result "0-1"]
[WhiteTitle "CM"]
[BlackTitle "GM"]
[WhiteElo "2052"]
[BlackElo "2558"]
[WhiteFideId "44537050"]
[BlackFideId "46634827"]
[EventDate "2025.06.17"]

1. d4 Nf6 2. Nc3 e6 3. e4 d5 4. Bg5 dxe4 5. Nxe4 Be7 6. Bxf6 gxf6 7. Nf3 b6 8.
Bc4 Bb7 9. Qe2 Nd7 10. O-O-O c6 11. g4 Qc7 12. Kb1 a6 13. h4 b5 14. Bd3 c5 15.
dxc5 Bxc5 16. Nxc5 Nxc5 17. g5 O-O-O 18. Rhg1 Qf4 19. Rg3 e5 20. Nd2 e4 21. Rg4
exd3 22. Rxf4 dxe2 0-1

[Event "Titled Tue 17th Jun Early"]
[Site "chess.com INT"]
[Date "2025.06.17"]
[Round "6"]
[White "Yatskar, Martin"]
[Black "Wyss, Jonas"]
[Result "1-0"]
[WhiteTitle "CM"]
[BlackTitle "FM"]
[WhiteElo "2225"]
[BlackElo "2278"]
[WhiteFideId "34109676"]
[BlackFideId "1311387"]
[EventDate "2025.06.17"]

1. d4 d5 2. c4 e6 3. Nc3 Nf6 4. cxd5 exd5 5. Bg5 c6 6. e3 h6 7. Bh4 Be7 8. Bd3
O-O 9. Qc2 Re8 10. Nge2 Nbd7 11. O-O a5 12. a3 b5 13. Rad1 Nb6 14. f3 b4 15. Na4
bxa3 16. bxa3 Bxa3 17. Bxf6 gxf6 18. e4 dxe4 19. fxe4 Bg4 20. Nxb6 Qxb6 21. Rxf6
Bxe2 22. Bxe2 Bb2 23. Qd3 Red8 24. Qg3+ Kf8 25. Rxf7+ Kxf7 26. Bc4+ Ke7 27. Qg7+
Kd6 28. e5# 1-0

[Event "Titled Tue 17th Jun Early"]
[Site "chess.com INT"]
[Date "2025.06.17"]
[Round "6"]
[White "Gajic, Mladen"]
[Black "Sahib, Singh"]
[Result "0-1"]
[WhiteTitle "FM"]
[BlackTitle "FM"]
[WhiteElo "2246"]
[BlackElo "2407"]
[WhiteFideId "1709178"]
[BlackFideId "25618342"]
[EventDate "2025.06.17"]

1. d4 Nf6 2. Nf3 g6 3. e3 Bg7 4. Nbd2 O-O 5. Be2 d6 6. O-O Nc6 7. b3 e5 8. dxe5
dxe5 9. Bb2 Qe7 10. Nc4 Rd8 11. Qe1 Nd5 12. Rd1 Bf5 13. Ba3 Qe8 14. Rc1 e4 15.
Nfd2 b5 16. g4 Be6 17. Nxe4 bxc4 18. bxc4 Nb6 19. c5 Nc4 0-1

[Event "Titled Tue 17th Jun Early"]
[Site "chess.com INT"]
[Date "2025.06.17"]
[Round "6"]
[White "Kurmangaliyeva, Liya"]
[Black "Rustamov, Rustam"]
[Result "0-1"]
[WhiteTitle "FM"]
[BlackTitle "FM"]
[WhiteElo "2276"]
[BlackElo "2334"]
[WhiteFideId "13725831"]
[BlackFideId "13440110"]
[EventDate "2025.06.17"]

1. d4 Nf6 2. c4 e6 3. Nf3 d5 4. g3 Be7 5. Bg2 O-O 6. O-O dxc4 7. a4 a6 8. Qc2
Nc6 9. Qxc4 Na5 10. Qc2 b6 11. Ne5 Bb7 12. Bxb7 Nxb7 13. Nc6 Qe8 14. Nxe7+ Qxe7
15. Nc3 c5 16. dxc5 Qxc5 17. Be3 Qb4 18. Rfd1 Rac8 19. Rd4 Qe7 0-1

[Event "Titled Tue 17th Jun Early"]
[Site "chess.com INT"]
[Date "2025.06.17"]
[Round "6"]
[White "Sitnic, Adnan"]
[Black "Tuguldur, Soninbayar"]
[Result "0-1"]
[WhiteTitle "CM"]
[BlackTitle "CM"]
[WhiteElo "2058"]
[BlackElo "2120"]
[WhiteFideId "14403854"]
[BlackFideId "4921224"]
[EventDate "2025.06.17"]

1. e4 e6 2. d4 d5 3. Nd2 c5 4. exd5 exd5 5. Ngf3 Nc6 6. Bb5 Bd6 7. O-O Ne7 8.
Re1 O-O 9. c3 Bg4 10. h3 Bh5 11. Be2 cxd4 12. Nxd4 Bxe2 13. Qxe2 Nxd4 14. cxd4
Ng6 15. Nf3 Rc8 16. Bg5 Qb6 17. b3 h6 18. Be3 Rfe8 19. Rac1 Qa5 20. Rxc8 Rxc8
21. Rc1 Re8 22. Qd2 Qa3 23. Re1 Bb4 24. Qc1 Qxa2 25. Bd2 Rxe1+ 26. Qxe1 Bxd2 27.
Nxd2 Qb2 28. Qe8+ Kh7 29. Nf3 f6 30. Qb5 Nf4 31. g3 Nxh3+ 32. Kg2 Qxf2+ 33. Kxh3
Qxf3 34. Qxb7 Qh1+ 35. Kg4 h5+ 36. Kf5 Qe4# 0-1

[Event "Titled Tue 17th Jun Early"]
[Site "chess.com INT"]
[Date "2025.06.17"]
[Round "6"]
[White "Kozusek, Daniel"]
[Black "Rom, Jasper"]
[Result "1-0"]
[WhiteTitle "FM"]
[WhiteElo "2345"]
[BlackElo "2163"]
[WhiteFideId "349500"]
[BlackFideId "2023733"]
[EventDate "2025.06.17"]

1. d4 d5 2. Bf4 Nf6 3. e3 e6 4. Nf3 Bd6 5. Bg3 c5 6. c3 Qc7 7. dxc5 Qxc5 8. Nbd2
Nbd7 9. Bd3 e5 10. e4 dxe4 11. Bxe4 Nxe4 12. Nxe4 Qc6 13. Nxd6+ Ke7 14. Nf5+ Kf6
15. Qd6+ Kxf5 16. Nh4+ Kg5 17. f4+ Kh5 18. Qd1+ Kh6 19. Nf5+ Kg6 20. Qg4+ Kf6
21. Bh4+ Ke6 22. Nd4+ 1-0

[Event "Titled Tue 17th Jun Early"]
[Site "chess.com INT"]
[Date "2025.06.17"]
[Round "6"]
[White "Krzywda, Andrzej"]
[Black "Aranda, Juan Manuel"]
[Result "1-0"]
[WhiteTitle "CM"]
[BlackTitle "CM"]
[WhiteElo "2175"]
[BlackElo "2134"]
[WhiteFideId "1114565"]
[BlackFideId "160458"]
[EventDate "2025.06.17"]

1. d4 d6 2. c4 e5 3. dxe5 dxe5 4. Qxd8+ Kxd8 5. Nf3 f6 6. Nc3 Be6 7. b3 c6 8.
Rg1 h5 9. h3 Na6 10. g4 hxg4 11. hxg4 g5 12. Bb2 Ne7 13. O-O-O+ Ke8 14. Ne4 Ng8
15. e3 Rd8 16. Rxd8+ Kxd8 17. Be2 Nc5 18. Rd1+ Ke8 19. Nexg5 fxg5 20. Nxg5 Bd7
21. Bxe5 Rh2 22. Bxh2 1-0

[Event "Titled Tue 17th Jun Early"]
[Site "chess.com INT"]
[Date "2025.06.17"]
[Round "6"]
[White "Sevig, Mert Can"]
[Black "Aakash, G"]
[Result "0-1"]
[WhiteTitle "CM"]
[BlackTitle "FM"]
[WhiteElo "2025"]
[BlackElo "2123"]
[WhiteFideId "44546335"]
[BlackFideId "25644394"]
[EventDate "2025.06.17"]

1. Nf3 d5 2. g3 c5 3. Bg2 Nc6 4. O-O Nf6 5. d3 e6 6. Nbd2 Bd6 7. Re1 O-O 8. e4
Qc7 9. b3 Rd8 10. Bb2 d4 11. Nc4 Be7 12. e5 Nd5 13. a4 b6 14. Qe2 Bb7 15. Nfd2
Nc3 16. Bxc3 dxc3 17. Nb1 Nd4 18. Qd1 Bxg2 19. Kxg2 Qc6+ 20. Re4 Nxb3 21. Nxc3
Nxa1 22. Qxa1 Rd4 23. Kg1 Rad8 24. Rxd4 cxd4 25. Nb5 Qc5 26. Nxa7 Ra8 27. Nb5
Qxb5 0-1

[Event "Titled Tue 17th Jun Early"]
[Site "chess.com INT"]
[Date "2025.06.17"]
[Round "6"]
[White "Matveeva, Olga"]
[Black "Laddha, Shubh Jayesh"]
[Result "0-1"]
[WhiteTitle "WIM"]
[BlackTitle "FM"]
[WhiteElo "2177"]
[BlackElo "2303"]
[WhiteFideId "24107018"]
[BlackFideId "30942799"]
[EventDate "2025.06.17"]

1. d4 d5 2. c4 c6 3. Nf3 Nf6 4. Qb3 dxc4 5. Qxc4 Bf5 6. g3 e6 7. Bg2 Be7 8. O-O
O-O 9. Nc3 Nbd7 10. Qb3 Qb6 11. Rd1 Qxb3 12. axb3 Bc2 13. Re1 Bxb3 14. e4 Rfd8
15. Be3 Nb6 16. Nd2 Bc4 17. b3 Bb4 18. Rec1 Bd3 19. f3 a5 20. Kf2 Nbd7 21. g4 e5
22. g5 Nh5 23. d5 Nf4 24. Nc4 Bxc4 25. bxc4 Nd3+ 0-1

[Event "Titled Tue 17th Jun Early"]
[Site "chess.com INT"]
[Date "2025.06.17"]
[Round "6"]
[White "Saya, Ethan"]
[Black "Barrientos, Ernesto"]
[Result "1-0"]
[WhiteTitle "FM"]
[BlackTitle "CM"]
[WhiteElo "2262"]
[BlackElo "2027"]
[WhiteFideId "26095181"]
[BlackFideId "3701247"]
[EventDate "2025.06.17"]

1. e4 c5 2. Nf3 d6 3. d4 cxd4 4. Qxd4 Nf6 5. Bg5 Nc6 6. Bb5 Qa5+ 7. Nc3 Qxb5 8.
Nxb5 Nxd4 9. Nfxd4 Nxe4 10. Be3 Kd8 11. O-O-O Bd7 12. f3 Nf6 13. Nc3 a6 14. Rhe1
e6 15. Nb3 Kc7 16. a4 b6 17. a5 bxa5 18. Nxa5 Be7 19. Nc4 Rab8 20. Bf4 e5 21.
Bg5 Be6 22. Bxf6 gxf6 23. Nd5+ Bxd5 24. Rxd5 Rhg8 25. Ne3 Kd7 26. Red1 Ke6 27.
g4 Bf8 28. Nf5 h5 29. Rxd6+ Bxd6 30. Rxd6# 1-0

[Event "Titled Tue 17th Jun Early"]
[Site "chess.com INT"]
[Date "2025.06.17"]
[Round "6"]
[White "Madi, Aidana"]
[Black "Figuero Toro, Julian Francisco"]
[Result "0-1"]
[WhiteTitle "WFM"]
[BlackTitle "FM"]
[WhiteElo "1899"]
[BlackElo "2182"]
[WhiteFideId "13722689"]
[BlackFideId "2210347"]
[EventDate "2025.06.17"]

1. e4 d6 2. d4 Nf6 3. Nc3 e5 4. Nf3 Nbd7 5. g4 g6 6. g5 Nh5 7. dxe5 dxe5 8. Bc4
Bc5 9. Qd5 O-O 10. Nxe5 Nxe5 11. Qxe5 Bd6 12. Qd5 Be6 13. Qd3 Re8 14. Be3 Bg4
15. f3 Bxf3 16. Rf1 Bg4 17. Bxf7+ Kh8 18. Bxe8 Qxe8 19. Qd4+ Be5 20. Qa4 Bxc3+
21. bxc3 Qxa4 22. Bd4+ Kg8 23. Rb1 Qxc2 0-1

[Event "Titled Tue 17th Jun Early"]
[Site "chess.com INT"]
[Date "2025.06.17"]
[Round "6"]
[White "Lyutsinger, Iren"]
[Black "Terron Elena, Francisco M."]
[Result "0-1"]
[WhiteTitle "FM"]
[BlackTitle "FM"]
[WhiteElo "2261"]
[BlackElo "2148"]
[WhiteFideId "34425969"]
[BlackFideId "2210576"]
[EventDate "2025.06.17"]

1. e4 e5 2. Nc3 Nf6 3. Bc4 c6 4. d4 Bb4 5. dxe5 Nxe4 6. Qf3 d5 7. exd6 Nxd6 8.
Qe2+ Qe7 9. Be3 Nxc4 10. Qxc4 Be6 11. Qd4 O-O 12. Ne2 c5 13. Qf4 Nc6 14. O-O
Rad8 15. Ne4 Bc4 16. Rfe1 Nd4 17. Bxd4 cxd4 18. c3 f5 19. N4g3 g5 20. Qc1 dxc3
21. Nxc3 Qf6 22. Nce4 fxe4 23. Qxc4+ Kh8 24. Nxe4 Qb6 25. Re2 Rd4 26. Qe6 Qxe6 0-1

[Event "Titled Tue 17th Jun Early"]
[Site "chess.com INT"]
[Date "2025.06.17"]
[Round "6"]
[White "Ziegler, Ari"]
[Black "Duarte Cramer, Lily Jeanette"]
[Result "1-0"]
[WhiteTitle "IM"]
[BlackTitle "WCM"]
[WhiteElo "2297"]
[BlackElo "1828"]
[WhiteFideId "1700987"]
[BlackFideId "29620180"]
[EventDate "2025.06.17"]

1. d4 d5 2. c4 c6 3. Nc3 Nf6 4. e3 e6 5. Nf3 Bd6 6. Qc2 O-O 7. Bd2 Nbd7 8. O-O-O
a5 9. h4 a4 10. Ng5 h6 11. g4 a3 12. b3 dxc4 13. Bxc4 Nb6 14. Bd3 Nbd5 15. Nce4
Nxe4 16. Nxe4 Nf6 17. g5 Nxe4 18. Bxe4 h5 19. g6 f5 20. Bd3 Qe7 21. Rdg1 Bb4 22.
Bxb4 Qxb4 23. Kb1 Ra5 24. Qe2 f4 25. Rg5 f3 26. Qc2 Rxg5 27. hxg5 e5 28. Bc4+
Kh8 29. Rxh5# 1-0

[Event "Titled Tue 17th Jun Early"]
[Site "chess.com INT"]
[Date "2025.06.17"]
[Round "6"]
[White "Gong, Qianyun"]
[Black "Jacobsen, Mikkel Manosri"]
[Result "0-1"]
[WhiteTitle "WGM"]
[BlackTitle "FM"]
[WhiteElo "2228"]
[BlackElo "2223"]
[WhiteFideId "8602425"]
[BlackFideId "1444514"]
[EventDate "2025.06.17"]

1. d4 d5 2. c4 e6 3. Nf3 a6 4. cxd5 exd5 5. g3 Nf6 6. Bg2 Bf5 7. O-O Be7 8. Bf4
O-O 9. Nc3 c6 10. Rc1 Nbd7 11. h3 Re8 12. g4 Bg6 13. Ne5 Nxe5 14. dxe5 Nd7 15.
e4 d4 16. Qxd4 Nc5 17. Rfd1 Qxd4 18. Rxd4 Ne6 19. Be3 Nxd4 20. Bxd4 Bg5 21. Rd1
Bf4 22. Na4 Rad8 23. Bf3 Bxe5 24. Bxe5 Rxd1+ 25. Bxd1 Rxe5 26. f3 b5 27. Nc3 Rc5
28. Kf2 f6 29. Ke3 Bf7 30. Kd4 Rc4+ 31. Kd3 b4 32. Ne2 Rc5 33. a3 bxa3 34. bxa3
Bc4+ 35. Ke3 Bxe2 36. Kxe2 Rc3 37. a4 g5 38. Kd2 Ra3 39. Ke2 Kf8 40. Bc2 h6 41.
Bd1 Ke7 0-1

[Event "Titled Tue 17th Jun Early"]
[Site "chess.com INT"]
[Date "2025.06.17"]
[Round "6"]
[White "Materia, Marco"]
[Black "Domin, Yan"]
[Result "1-0"]
[WhiteTitle "IM"]
[BlackTitle "FM"]
[WhiteElo "2489"]
[BlackElo "2222"]
[WhiteFideId "45150451"]
[BlackFideId "34169342"]
[EventDate "2025.06.17"]

1. Nf3 Nf6 2. c4 d6 3. d4 g6 4. Nc3 Bf5 5. Qb3 b6 6. h3 Bg7 7. g4 Bd7 8. e4 Nc6
9. Be3 O-O 10. d5 Na5 11. Qc2 c6 12. b4 Nb7 13. Rc1 Rc8 14. Qb3 e6 15. dxe6 Bxe6
16. Nd4 Bd7 17. Bg2 Re8 18. O-O c5 19. Nde2 cxb4 20. Qxb4 Nc5 21. Qb1 Bc6 22.
Ng3 Qc7 23. Rfd1 Qb7 24. Rxd6 Bxe4 25. Ncxe4 Ncxe4 26. Rxf6 Bxf6 27. Nxe4 Qe7
28. c5 1-0

[Event "Titled Tue 17th Jun Early"]
[Site "chess.com INT"]
[Date "2025.06.17"]
[Round "6"]
[White "Nagare Kaivalya Sandip"]
[Black "Moksh, Amit Doshi"]
[Result "0-1"]
[WhiteTitle "FM"]
[BlackTitle "IM"]
[WhiteElo "2321"]
[BlackElo "2366"]
[WhiteFideId "25957929"]
[BlackFideId "25064967"]
[EventDate "2025.06.17"]

1. e4 e5 2. Nf3 Nc6 3. Bb5 a6 4. Ba4 Nf6 5. O-O Be7 6. Re1 b5 7. Bb3 O-O 8. a4
b4 9. d4 d6 10. h3 exd4 11. Nxd4 Nxd4 12. Qxd4 c5 13. Qd3 Bb7 14. Bg5 h6 15.
Bxf6 Bxf6 16. c3 Re8 17. Nd2 bxc3 18. bxc3 Qa5 19. Rac1 Rad8 20. Qc4 d5 21. exd5
Rxe1+ 22. Rxe1 Qxc3 23. d6 Qxd2 24. Qxf7+ Kh7 25. Rd1 Qb4 26. Bc2+ Be4 27. Rb1
Bxc2 28. Rxb4 cxb4 29. Qc7 b3 30. Qb6 0-1

[Event "Titled Tue 17th Jun Early"]
[Site "chess.com INT"]
[Date "2025.06.17"]
[Round "6"]
[White "Punin, Andrii"]
[Black "Logozar, Elijah"]
[Result "1-0"]
[WhiteTitle "FM"]
[WhiteElo "2289"]
[BlackElo "1928"]
[WhiteFideId "14112639"]
[BlackFideId "30963788"]
[EventDate "2025.06.17"]

1. e4 c5 2. Be2 Nc6 3. f4 g6 4. Nf3 Bg7 5. c3 d5 6. d3 Nf6 7. e5 Nd7 8. d4 Qb6
9. O-O e6 10. Kh1 O-O 11. Na3 f6 12. Rb1 fxe5 13. dxe5 c4 14. Nc2 Nc5 15. Be3
Bd7 16. b4 cxb3 17. Rxb3 Qa5 18. Rb5 Qxc3 19. Rxc5 Qb2 20. Rb5 Qxa2 21. Rxb7
Rfd8 22. Qb1 Qa4 23. Ncd4 Na5 24. Rb4 Qa3 25. Bc1 Qc3 26. Bd2 Qa3 27. Bb5 Bf8
28. Bxd7 Rxd7 29. Rb8 Rd8 30. Rxd8 Rxd8 31. Bxa5 Qxa5 32. Nc6 Qc7 33. Nxd8 Qxd8
34. Rc1 d4 35. Qd3 Qb6 36. Qxd4 Qb7 37. Qc4 Qb6 38. Ng5 1-0

[Event "Titled Tue 17th Jun Early"]
[Site "chess.com INT"]
[Date "2025.06.17"]
[Round "6"]
[White "Xalmatov, Yakubjon"]
[Black "Palczert, Matyas"]
[Result "0-1"]
[WhiteTitle "CM"]
[BlackTitle "FM"]
[WhiteElo "2096"]
[BlackElo "2396"]
[WhiteFideId "14201615"]
[BlackFideId "784958"]
[EventDate "2025.06.17"]

1. e4 e5 2. Nf3 Nc6 3. Bb5 Nge7 4. c3 d5 5. exd5 Qxd5 6. Qe2 e4 7. Nd4 a6 8.
Nxc6 axb5 9. Nd4 Bd7 10. O-O O-O-O 11. Na3 c6 12. Nac2 Ng6 13. d3 exd3 14. Qxd3
c5 15. Ne3 Qd6 16. Nef5 Qf6 17. Nxb5 Qxf5 18. Qc4 Qe6 19. Qa4 Qa6 0-1

[Event "Titled Tue 17th Jun Early"]
[Site "chess.com INT"]
[Date "2025.06.17"]
[Round "6"]
[White "Paravyan, David"]
[Black "Rosen, Eric"]
[Result "1-0"]
[WhiteTitle "GM"]
[BlackTitle "IM"]
[WhiteElo "2589"]
[BlackElo "2377"]
[WhiteFideId "4194985"]
[BlackFideId "2032562"]
[EventDate "2025.06.17"]

1. Nf3 e6 2. b3 f5 3. Bb2 Nf6 4. g3 b6 5. Bg2 Bb7 6. O-O Be7 7. c4 O-O 8. Nc3 h6
9. d3 d6 10. e4 fxe4 11. Nd4 Qc8 12. Bh3 Kh8 13. Nxe6 Re8 14. Nd5 Nbd7 15. Ndxc7
exd3 16. Qxd3 Nc5 17. Qg6 Nxe6 18. Nxe6 Bf8 19. Bxf6 Rxe6 20. Bxe6 Qc5 21. Bf5
gxf6 22. Qh7# 1-0

[Event "Titled Tue 17th Jun Early"]
[Site "chess.com INT"]
[Date "2025.06.17"]
[Round "6"]
[White "Li, Hui"]
[Black "Nikulina, Alena"]
[Result "1-0"]
[WhiteTitle "CM"]
[BlackTitle "WFM"]
[WhiteElo "2041"]
[BlackElo "1875"]
[WhiteFideId "15400310"]
[BlackFideId "4172051"]
[EventDate "2025.06.17"]

1. e4 c5 2. Nf3 e6 3. d4 cxd4 4. Nxd4 Nf6 5. Nc3 Nc6 6. Ndb5 Bb4 7. a3 Bxc3+ 8.
Nxc3 d5 9. exd5 exd5 10. Bd3 O-O 11. O-O Bg4 12. f3 Bh5 13. Bg5 Qb6+ 14. Kh1
Qxb2 15. Bxf6 gxf6 16. Qd2 Bg6 17. Rfb1 Qxa1 18. Rxa1 Ne5 19. Nxd5 Rad8 20.
Nxf6+ Kh8 21. Qc3 Nxd3 22. cxd3 Rxd3 23. Qe5 Kg7 24. Nh5+ Kh6 25. Qg7+ Kxh5 26.
Qxf8 Rd2 1-0

[Event "Titled Tue 17th Jun Early"]
[Site "chess.com INT"]
[Date "2025.06.17"]
[Round "6"]
[White "Li, Eric 2007"]
[Black "Garde, Guillaume"]
[Result "1-0"]
[WhiteTitle "IM"]
[BlackTitle "CM"]
[WhiteElo "2372"]
[BlackElo "2211"]
[WhiteFideId "30939941"]
[BlackFideId "45138273"]
[EventDate "2025.06.17"]

1. d4 d5 2. c4 Nc6 3. Nf3 e5 4. dxe5 Bb4+ 5. Bd2 dxc4 6. e4 Qe7 7. Bxc4 Bxd2+ 8.
Nbxd2 Nxe5 9. Nxe5 Qxe5 10. Qb3 Nh6 11. O-O O-O 12. Rad1 Ng4 13. Qg3 Qxg3 14.
hxg3 Ne5 15. Bb3 b6 16. f4 Nd3 17. Bd5 Rb8 18. Nc4 Nc5 19. Ne5 Be6 20. b4 Bxd5
21. exd5 f6 22. Nc6 Ne4 23. Nxb8 Rxb8 24. Rfe1 Nxg3 25. Re7 a5 26. bxa5 bxa5 27.
Rxc7 Ne2+ 28. Kh1 Rb4 29. d6 Rxf4 30. g3 Rf2 31. d7 Nxg3+ 32. Kg1 1-0

[Event "Titled Tue 17th Jun Early"]
[Site "chess.com INT"]
[Date "2025.06.17"]
[Round "6"]
[White "Aarav Sinha"]
[Black "Swara Lakshmi S Nair"]
[Result "1-0"]
[WhiteTitle "FM"]
[BlackTitle "WCM"]
[WhiteElo "2255"]
[BlackElo "2187"]
[WhiteFideId "25674064"]
[BlackFideId "25629239"]
[EventDate "2025.06.17"]

1. e4 c5 2. Nf3 d6 3. d4 cxd4 4. Nxd4 Nf6 5. Nc3 Nc6 6. f3 e6 7. Be3 Be7 8. Be2
O-O 9. O-O a6 10. a4 Qc7 11. Qd2 Rd8 12. f4 e5 13. Nf5 Bxf5 14. exf5 d5 15. fxe5
Nxe5 16. Bf4 Qb6+ 17. Kh1 Neg4 18. Bxg4 Nxg4 19. Nxd5 Rxd5 20. Qxd5 Nf2+ 21.
Rxf2 Qxf2 22. Qxb7 Re8 23. Qd7 Kf8 24. Bd6 Qxc2 25. Re1 1-0

[Event "Titled Tue 17th Jun Early"]
[Site "chess.com INT"]
[Date "2025.06.17"]
[Round "6"]
[White "Loskutova, Viktoriya"]
[Black "Pragnya H G"]
[Result "1-0"]
[WhiteTitle "WFM"]
[BlackTitle "WFM"]
[WhiteElo "2092"]
[BlackElo "2003"]
[WhiteFideId "34166278"]
[BlackFideId "25609785"]
[EventDate "2025.06.17"]

1. e4 c5 2. Nf3 Nc6 3. Bb5 d6 4. O-O Bd7 5. Re1 a6 6. Bxc6 Bxc6 7. d4 cxd4 8.
Nxd4 Nf6 9. Nxc6 bxc6 10. Qf3 e5 11. Bg5 Be7 12. Nd2 O-O 13. Nc4 Ne8 14. Bxe7
Qxe7 15. Rad1 g6 16. Qa3 Rd8 17. Qxa6 f5 18. exf5 Rxf5 19. Qxc6 Qa7 20. Re2 e4
21. Qxe4 Nf6 22. Qe6+ Kh8 23. Ne3 Re8 24. Qxd6 Ng4 25. Nxf5 1-0